| 000 | 01970nam a22003857a 4500 | ||
|---|---|---|---|
| 003 | AR-RoUNA | ||
| 005 | 20250724125931.0 | ||
| 008 | 250722b |||||||| |||| 00| 0 spa d | ||
| 020 | _a84-7433-668-6 | ||
| 040 |
_aAR-RoUNA _bspa _dAR-RoUNA |
||
| 041 | _aspa | ||
| 044 | _aag | ||
| 110 |
_aMinisterio de Obras publicas y urbanismo _927283 |
||
| 245 | 1 | 0 | _aTesauro de medio ambiente |
| 260 |
_aMadrid : _bSecretaría General Técnica. Centro de Publicaciones. Ministerio de Obras Publicas y urbanismo (MOPU), _c1990. |
||
| 300 |
_a319 p.: _c30x21 cm. |
||
| 490 | _aTextos y Documentos de la Secretaria General de Medio Ambiente | ||
| 505 | 0 | _tINDICE | |
| 505 | 0 | _tINTRODUCCION | |
| 505 | 0 | _tAplicación informática para confeccion, consulta y edición del Tesauro de Medio Ambiente. | |
| 505 | 0 | _tBibliografía sobre tesauros relacionado con Medio Ambiente. | |
| 505 | 0 | _tIndice de microtesauros. p. 1 | |
| 505 | 0 | _tTesauro temático. p. 5 | |
| 505 | 0 | _tTesauro alfabético. p. 45 | |
| 505 | 0 | _tIndice permutado. p. 274 | |
| 520 | 3 | _aEl Tesauro de Medio Ambiente de la Secretaria General de Medio Ambiente del MOPU, es el resultado de la revisión dela parte de Tesauro incluida en el estudio GLOSARIO SOBRE ORDENACION DEL TERRITORIO; URBANISMO Y MEDIO AMBIENTE, adjudicado por el extinguido CEOTMA (Centro de Estudios de Ordenación del Territorio y Medio Ambiente ) a FUINCA para la realización. Fue planificado y estructurado con la finalidad de "Servir de instrumento que permita la descripción de documentos, especialmente aquellos que hagan referencia a temas de Urbanismo, Ordenación de Territorio y Medio Ambiente, y a la recuperación posterior de los mismos. | |
| 650 | 4 | _aTesauros | |
| 650 | 4 | _aMedio ambiente | |
| 650 | 4 | _aEcologia | |
| 700 | 1 |
_927285 _a Pallardó Comas, Ma. Flores |
|
| 908 | _aImp | ||
| 942 |
_2udc _cLIB |
||
| 945 | _d2025-07-22 | ||
| 980 |
_65 _aMaría Machado _85 _gMaría Machado |
||
| 999 |
_c12046 _d12046 |
||